000 00249nam a22001097a 4500
082 _a339.3 MAC'L
100 _aLINDAUR, JOHN
_978519
245 _aMACROECONOMIC READINGS
260 _aLONDON
_bCOLLIER MACMILLAN
_c1968
300 _a411P
942 _cBK
999 _c583630
_d583630